Loading...
| History - American | 2 | 2 | 2 | 0 | 40 | 72 | 95.25 | 1 | 1 | 7.94 | 20.35 |
| History - European | 0 | 3 | 0 | 1 | 30 | 68 | 102.33 | 0 | 1 | 5.56 | 10.76 |
| Literature - World | 1 | 2 | 1 | 1 | 30 | 49 | 111.00 | 1 | 1 | 5.96 | 10.95 |
| Modern World | 0 | 2 | 0 | 1 | 20 | 105 | 122.00 | 0 | 1 | 2.92 | 26.00 |
| Social Science | 0 | 2 | 1 | 0 | 15 | 92 | 105.00 | 0 | 1 | 1.92 | 6.35 |
| Other Academic | 1 | 0 | 0 | 0 | 15 | 72 | 72.00 | 0 | 1 | 6.61 | 11.43 |
| Visual Arts | 0 | 2 | 2 | 1 | 10 | 107 | 119.00 | 0 | 0 | 1.66 | 4.17 |
| Literature - American | 0 | 1 | 0 | 0 | 10 | 126 | 126.00 | 0 | 1 | 1.14 | 2.14 |
| Literature - European | 0 | 1 | 0 | 0 | 10 | 130 | 130.00 | 0 | 0 | 0.95 | 1.19 |
| Science - Other | 0 | 1 | 0 | 0 | 10 | 101 | 101.00 | 0 | 0 | 1.49 | 3.24 |
| Fine Arts - Other Arts | 0 | 1 | 0 | 0 | 10 | 77 | 77.00 | 0 | 0 | 3.01 | 2.60 |
| History - World | 0 | 1 | 1 | 0 | 5 | 120 | 120.00 | 0 | 0 | 0.89 | 2.14 |
| Philosophy | 0 | 0 | 0 | 0 | 0 | 0.00 | 0 | 0 | 0.00 | 0.00 | |
| History - Other | 0 | 1 | 2 | 0 | 0 | 104 | 104.00 | 1 | 1 | 3.54 | 16.67 |
| Literature - British | 0 | 0 | 0 | 0 | 0 | 0.00 | 0 | 0 | 0.00 | 0.00 | |
| Science - Biology | 0 | 0 | 1 | 0 | -5 | 0.00 | 0 | 0 | 0.00 | 0.00 |